000 01702nam0a22002651 4500
001 rc\3672934
005 20250610094108.0
021 _aRU
_b[72-88429]
035 _a(NLR Aleph) 007842636
090 _a9815101
_c9815101
100 _a20130115d1972 |||y0rusy50 ca
101 0 _arus
102 _aRU
105 _aa z |||||
200 1 _aМатериалы Конференции по обмену опытом сооружения автодорожных и городских мостов с пролетными строениями свыше 60 м из предварительно напряженного железобетона. [14-18 ноября 1970 г.]
_f[М-во трансп. стр-ва СССР]. Всесоюз. науч.-исслед. ин-т трансп. стр-ва. [ЦНИИС. Гипротрансмост. НТО моск. строителей ж.-д. транспорта]
210 _aМосква
_cБ. и.
_d1972
215 _a151 с., 3 л. черт.
_cил.
_d21
606 _aМосты на автомобильных дорогах, железобетонные
_xПостройка
_jСборники
_2psbo
606 _aМосты городские, железобетонные
_xПостройка
_jСборники
_2psbo
710 1 2 _aКонференция по обмену опытом сооружения автодорожных и городских мостов с пролетными строениями свыше 60 м из предварительно напряженного железобетона (1970; Москва)
801 0 _aRU
_bNLR
_gpsbo
801 1 _aRU
_bELAR
_2rusmarc
852 _aNLR
_j72-5/4035
942 _cBOOK
980 _aNB